Risale-i Nur Külliyatından : yedinci mektup`tan : Kastamonu lahikası (Record no. 34467)

MARC details
000 -LEADER
fixed length control field 00698nam a2200181Ia 4500
020 ## - INTERNATIONAL STANDARD BOOK NUMBER
ISBN 9789759090784
050 ## - CALL MARK
Classification number BP 252 .N87 K38/
100 ## - STATEMENT OF RESPONSIBILITY--MAIN AUTHOR NAME
Personal name Nursi, Said
245 #0 - TITLE STATEMENT
Title Risale-i Nur Külliyatından : yedinci mektup`tan : Kastamonu lahikası
260 ## - PUBLICATION, DISTRIBUTION, ETC. (IMPRINT)
Place of publication İstanbul
260 ## - PUBLICATION, DISTRIBUTION, ETC. (IMPRINT)
Name of publisher Sahdamar
260 ## - PUBLICATION, DISTRIBUTION, ETC. (IMPRINT)
Year of publication 2009
300 ## - PHYSICAL DESCRIPTION
Number of Pages 234 p
650 ## - SUBJECT ADDED ENTRY--TOPICAL TERM
Topical Term Islam -- Faith Islam -- Essence, genius, nature Islam -- Universality Sufism Koran -- Criticism, interpretation, etc. Creation (Islam) İslam -- İman İslam -- Evrensellik Tasavvuf Kur’an-ı Kerîm -- Eleştiri, yorum, v.b. Yaratılış (İslamiyet)
942 ## - ADDED ENTRY ELEMENTS (KOHA)
Koha item type Books
Holdings
Withdrawn status Lost status Source of classification or shelving scheme Damaged status Not for loan Permanent Location Current Location Date acquired Accession Number Price effective from Koha item type
    Library of Congress Classification     NILE UNIVERSITY OF NIGERIA - MAIN LIBRARY NILE UNIVERSITY OF NIGERIA - MAIN LIBRARY 04/23/2025 0002103 04/23/2025 Books